Aushängeschild.

Uloženo v:
Podrobná bibliografie
Korporativní autor: HOCHTIEF (Essen, Germany) (Autor)
Médium: Kniha
Jazyk:němčina
Vydáno: [S.l.] : [s.n.], 2010
Vydání:[1. Aufl.]
Témata:
On-line přístup: Získat plný text
Tagy: Přidat tag
Žádné tagy, Buďte první, kdo vytvoří štítek k tomuto záznamu!

MARC

LEADER 00000nam a2200000 4500
003 SK-BrCVT
005 20220617230225.0
008 101203s2010 gw e ||||||ger d
035 |a CVTIDW0004553 
040 |b slo  |a CVTI SR  |e AACR2 
041 0 |a ger 
044 |a gw 
080 |a 656.2  |2 UDC-MRF 
110 2 |a HOCHTIEF (Essen, Germany)  |4 aut 
245 1 0 |a Aushängeschild. 
250 |a [1. Aufl.] 
260 |a [S.l.] :  |b [s.n.],  |c 2010 
300 |a 23 s. :  |b fotogr., grafy, tab. ; 
653 1 |a železničná doprava 
856 4 |u http://www.hochtief.com 
910 |b F031013 
959 |a 7201 
974 |a agnesa.remenarova  |f Firemná literatúra 
992 |a FFP 
999 |c 163181  |d 163181